000 00765nam a2200253Ia 4500
003 OSt
005 20221006143713.0
006 a|||||r|||| 00| 0
007 ta
008 221006b |||||||| |||| 00| 0 eng d
020 _c1506.00
024 _a9,712
037 _cTextual
040 _aEASL
_cEASL
_beng
041 _2eng
_aeng
082 _aX62v41Y2.02, M7.1
100 _aKING Frank H.H.etc
_9650277
245 0 _aHongkong bank in late imperal China, 1864-1902
260 _aNew York
_bCambridge University Press
_c1987
300 _a710p.
_ccm.
490 _v 1 CEL
_aThe History of The Hongkong and Shanghai Banking Corporation; V.1
942 _hX62v41Y2.02, M7.1
_cTEXL
_2CC
999 _c1077798
_d1077798